Jeu de la scolarité #2 - Statistiques

Statistiques générales
  • Ce quiz a été pris 6 071 fois
  • Le résultat moyen est 6 sur 12
Statistiques - réponses
Classe Matière Question Réponse % Correct
CP Culture G Quel animal miaule ? Chat
100%
CE1 Maths LPV court 6h par mois, combien d'heure aura-t-il couru en 4 mois 24
98%
CE2 Anglais Que signifie "moon" en Anglais ? Lune
97%
CM1 Français "πR et moi (marcher, passé simple) pendant des heures" Conjuguez le verbe marchâmes
74%
CM2 Maths 3,2 + 5,5 + 4,6 = ? 13,3
69%
6ème Sport Combien de temps un joueur de basketball peut-il rester balle en main sans dribbler ? 5 secondes
40%
5ème Histoire Qui est le prophète de l'islam ? Mahomet
36%
4ème Science Quel est le symbole de l'argent sur le tableau périodique des éléments de Mendeleïev ? Ag (47)
30%
3ème Géographie Qu'est-il écrit sur le drapeau brésilien ? Ordem e Progresso
13%
2nde Economie Que signifie l'acronyme "PIB" ? Produit Intérieur Brut
12%
1ère Français Dans quel roman suit-on les aventures du docteur Rieux ? La peste
5%
Terminale Philosophie Dans quel œuvre de Descartes apparait sa célèbre citation "Je pense donc je suis" (Cogito Ergo Sum) ? Le Discours de la Méthode
2%
Aucun quiz correspondant
Distribution des résultats
% des personnes avec chaque résultat
Percentile par nombre de réponses
Votre historique - résultats
Vous n’avez pas pris ce quiz